| 000 | 00813nam a2200277 a 4500 | ||
|---|---|---|---|
| 001 | vtls001528993 | ||
| 003 | NLI | ||
| 005 | 20210627144625.0 | ||
| 008 | 121212s1951 at 000 0 eng | ||
| 039 | 9 |
_y201212121620 _zVLOAD |
|
| 040 | 0 |
_aNLI _beng _cXData_1 _eAACR2 |
|
| 041 | 1 | _aeng | |
| 044 | _aat | ||
| 082 | _a157 | ||
| 100 | 1 |
_aDostoevsky, Fyodor _9757128 |
|
| 245 | 1 | 4 |
_aThe friend of the family / _cby Fyodor Dostoevsky ; translated by Constance Garnett |
| 260 |
_aMelbourne : _bWilliam Heinemann, _c1951 |
||
| 300 |
_a355 p. ; _c19 cm. |
||
| 650 | 0 |
_aEuropean literature _9746293 |
|
| 700 | 1 |
_aGarnett, Constance, _4trl _9684362 |
|
| 887 | _a | ||
| 901 |
_aIMP301828 _b24.12.1954 |
||
| 902 | _a157 E 941 | ||
| 949 |
_AVIRTUAITEM _D10000 _X100 _6IMP000301828ENG |
||
| 942 |
_2ddc _cBKS |
||
| 999 |
_aVIRTUA40 _c976331 _d976331 |
||